| 000 | 00460nam a22001817a 4500 | ||
|---|---|---|---|
| 003 | OSt | ||
| 005 | 20260128080254.0 | ||
| 008 | 260128b |||||||| |||| 00| 0 eng d | ||
| 020 | _a0-446-61343-6 | ||
| 040 |
_aDWCL-Main Lib _cOC |
||
| 082 | _aFic. F Sp26g 2003 | ||
| 100 | _aSparks,Nicholas | ||
| 245 | _aThe guardian | ||
| 260 |
_aNew York : _b Warner books, _cc2003. |
||
| 300 |
_axvi, 494 p. ; _c 17 cm. |
||
| 650 | _aFiction. | ||
| 942 |
_2ddc _cFIC. _mFic. _n0 |
||
| 999 |
_c7914 _d7914 |
||